1953 1206 1714 1892 1765 1781 1067 1977 1072 1474 1615 1430 1917 1244 1410 1163 1356 1058 1354 1813 1578 1886 1750 1625 1874 1378 1255 1649 1131 1603 1000 1905 1135 1427 1914 1608 1835 1136 1355 1407 1860 1717 1594 1286 1258 1268 1655 1616 1136 1280 1283 1541 1381 1703 1439 1966 1896 1414 1048 1215 1590 1565 1656 1035 1224 1843 1204 1626 1061 1322 1439 1800 1970 1824 1914 1325 1522 1749 1071 1971 1100 1803 1197 1891 1757 1760 1500 1529 1772 1488 1391 1189 1704 1091 1723 1069 1876 1128 1300 BCNSPRNW ULIB Ver.6.0+V

เปลี่ยนเป็นภาษาไทย

Change to English
 แสดงรายละเอียดบรรณานุกรม
  กลับหน้าหลัก

Brief Record : Get Marc (ISO 2709) : E-mail record : QR code < ปิดหน้าต่าง
LEADER : 00000nam 2200000uu 4500
001    13399125064
003     ULIB
008    160609s2558||||th 000 0 tha d
020    ^a9786163823441
060 04 ^aWE715^bจ488
100 0  ^aจิรกฤต ลีลารุ่งระยับ
245 10 ^aวิจัยกรณีศึกษาทางคลินิกสำหรับการฟื้นฟูสภาพทางระบบทรวงอก =^bClinicalcase sutdy research for chest rehabilitation /^cจิรกฤตลีลารุ่งระยับ ; บรรณาธิการ, อินทิรา เนขุนทศ
246 31 ^aClinical case sutdy research for chest rehabilitation
250    ^aพิมพ์ครั้งที่ 1
260    ^aกรุงเทพฯ :^bศูนย์หนังสือมหาวิทยาลัยธรรมศาสตร์,^c2558
300    ^a(13), 125 หน้า :^bภาพประกอบ ;^c26 ซม.
505 0  ^aงานวิจัยทางคลินิค ... รูปแบบงานวิจัยเชิงเดี่ยว ... รูปแบบวิจัยแบบเชิงเดี่ยวพื้นฐานและขั้นสูง ... การวิเคราะห์กราฟเส้น ... การวิเคราะห์เชิงสถิติ ... โปรแกรมการสร้างกราฟซิกม่า พร็อต ... แนวทางการสร้างกราฟเส้นสำหรับงานวิจัยเชิงกรณีศึกษา ... ตัวแปรเชิงปริมาณสำหรับการประเมินระบบหายใจทางคลินิค ...ตัวอย่างงานวิจัยกรณีศึกษาผู้ป่วยบกพร่องทางระบบาย ใจ
650  2 ^aThorax
650  2 ^aPhysical Therapy Modalities
650  7 ^aทรวงอก, โรค
650  7 ^aการฟื้นฟูสมรรถภาพ
700 0  ^aอินทิรา เนขุนทศ,^eบรรณาธิการ
945    ^p250^l0^i001221
999    ^aเกษร โพธิ์สุวรรณ
รายการนี้ยังไม่มีแท็ก
คุณยังไม่ได้ล็อกอิน คุณสามารถมีกิจกรรมร่วมกับเว็บไซต์ได้ แต่ต้องล็อกอินก่อน ::
  ล็อกอิน

รายการสื่อสารสนเทศ

ลำดับที่ ประเภท เลขเรียก/บาร์โค้ด สถานที่ สถานะ
1. วิทยาศาสตร์การแพทย์ และสุขภาพ
วิทยาศาสตร์การแพทย์ และสุขภาพ
สถานะ=หนังสือเก่า
WE715 จ488 ฉ.1 
  Barcode: 001221
ห้องสมุดวิทยาเขตสวรรค์ประชารักษ์
►ส่วนจัดเก็บหนังสือเก่า สปร
บนชั้น
  ขอยืม

รายการใกล้เคียง
    ผู้แต่ง [จิรกฤต ลีลารุ่งระยับ]

    หัวเรื่อง [Thorax]
    หัวเรื่อง [Physical Therapy Modalities]
    หัวเรื่อง [ทรวงอก, โรค]
    หัวเรื่อง [การฟื้นฟูสมรรถภาพ]

BibComment


ยังไม่เคยถูกคอมเมนท์

คอมเมนท์ทรัพยากรรายการนี้
  คอมเมนท์: วิจัยกรณีศึกษาทา..


 Copyright 2026. Bcnsprnw @Library